00317nam a2200121Ia 4500008004100000100001500041245005100056260004400107300000800151650001200159942000700171999001700178190216s9999||||xx |||||||||||||| ||und|| aGangadaran 0aHistoriography With Special Reference To India bCalicut University Central Co-Operative a274 aHistory cBK c21308d21308